00429nam a2200157Ia 45000010006000000050017000060080041000230410008000640820015000721000022000872450109001092600009002183000028002276500008002556540008002631919920260306171726.0260306s9999||||xx |||||||||||||| ||und|| aESP a658.8bW35 aWeber, LarryeAUT 0aMarketing en las redes sociales:bcómo las comunidades de consumidores digitales construyen su negocio c2010 a246 páginas :c23 cm. aGEN aCAN